000
00314cam a22001211 4500
008
720210s1961 nyua 000 0 eng
082
_a
338.4768114
100
1
_a
Cahn, William,
_d
1912-
245
1
4
_a
The story of Pitney-Bowes.
250
_a
[1st ed.]
260
_a
New York,
_b
Harper
_c
[1961]
650
0
_a
Postal service
999
_c
2156
_d
2156